Elenca la formazione - Quiz n°317 - Statistics

Statistiche generali
  • Questo quiz è stato fatto 39 volte
  • Il punteggio medio è 3 su 11
Statistiche sulle risposte
Ruolo Club dell'epoca Calciatore % Corretto
Attaccante Roma Gabriel Batistuta
97%
Centrocampista Inter Javier Zanetti
61%
Difensore Roma Walter Samuel
50%
Difensore Paris Saint-Germain Mauricio Pochettino
22%
Trequartista Valencia Pablo Aimar
22%
Attaccante Lazio Claudio López
17%
Attaccante River Plate Ariel Ortega
14%
Centrocampista Cruzeiro Juan Pablo Sorín
11%
Centrocampista Parma Matías Almeyda
11%
Difensore Milan José Chamot
6%
Portiere Celta Vigo Pablo Cavallero
6%
Nessun quiz corrispondente trovato
Distribuzione punteggi
Percentuale di utenti per punteggio
Percentile per numero di risposta
I tuoi punteggi nel tempo
Non hai fatto questo quiz